logo

Bir Sreshtho Munshi Abdur Rouf Library
Jhenaidah Cadet College

Hand Book of Communicative English Grammar & Composition / (Record no. 4166)

MARC details
000 -LEADER
fixed length control field 00750nam a2200241 a 4500
001 - CONTROL NUMBER
JCCL Control Number 4166
003 - CONTROL NUMBER IDENTIFIER
JCCL marc code BD-JhCC
005 - DATE AND TIME OF LATEST TRANSACTION
control field 20171123185449.0
008 - FIXED-LENGTH DATA ELEMENTS--GENERAL INFORMATION
fixed length control field 171123s2008 bg |||| |||| 000 0 mul d
035 ## - SYSTEM CONTROL NUMBER
system control number (BD-JhCC)4166
040 ## - CATALOGING SOURCE
Original cataloging agency BD-JhCC
Modifying agency BD-JhCC
041 ## - LANGUAGE CODE
Language code of Book English and Bengali
082 ## - DEWEY DECIMAL CLASSIFICATION NUMBER
DDC Edition number 22
Classification number 428.249
Author mark and Year RAZ 2008
100 ## - MAIN ENTRY--PERSONAL NAME
Personal name Raza, Shah Md. Mokshadul Islam
245 ## - TITLE STATEMENT
Title Hand Book of Communicative English Grammar & Composition /
Statement of responsibility, etc Sha Md. Mokshadul Islam Raza ; Md. Kamrul Hassan and Md. Humayun Kabir
260 ## - PUBLICATION, DISTRIBUTION, ETC. (IMPRINT)
Place of publication, distribution, etc Dhaka :
Name of publisher, distributor, etc Current Publications,
Date of publication, distribution, etc 2008.
300 ## - PHYSICAL DESCRIPTION
Pagination 640 p. :
Dimensions 23 cm.
650 ## - SUBJECT ADDED ENTRY--TOPICAL TERM
Topical term or geographic name as entry element English language
General subdivision Grammar
700 ## - ADDED ENTRY--PERSONAL NAME
Personal name Hassan, Md. Kamrul
700 ## - ADDED ENTRY--PERSONAL NAME
Personal name Kabir, Md. Humayun
942 ## - ADDED ENTRY ELEMENTS (KOHA)
Source of classification or shelving scheme Dewey Decimal Classification
Koha item type Books
Holdings
Source of classification or shelving scheme Damaged status Not for loan Home library Current library Shelving location Date of accession Cost, normal purchase price Total Checkouts Full call number Barcode Date last seen Copy number Koha item type
Dewey Decimal Classification     JCC Rouf Library JCC Rouf Library General Stacks 11/23/2017 178.00   428.249 RAZ 2008 6095 11/23/2017 C- 1 Books
Dewey Decimal Classification     JCC Rouf Library JCC Rouf Library General Stacks 09/30/2023 178.00   428.249 RAZ 2008 12122 09/30/2023 C - 2 Books
Dewey Decimal Classification     JCC Rouf Library JCC Rouf Library General Stacks 03/14/2018 178.00   428.249 RAZ 2008 12414 03/14/2018 C-3 Books

JCC Library | Contacts | JCC Home

Last Update on 23 September 2017
Copyright @ 2017-2020 JCC Rouf Library
Rouf Library, Jhenidah Cadet College (JCC), Bangladesh